000 00537nam a2200193Ia 4500
003 LK-CoDNM
005 20240912112823.0
008 010623t1899 xxu||||| |||| 00| 1 eng d
040 _aLK-CoDNM
_dLK-CoDNM
_eLK-CoDNM
041 _aeng
080 _a6
_bN20
245 _aIndia :Ceylon Straits Settlements British North Borneo, Hong Kong
260 _bKegan Paul
_aLondon
_c1899
300 _bxxxvii, 586p. : ill , map ; 23 cm
500 _aBritish Empire Series
650 _aBritish Empire
650 _aCrown Colony
942 _cBK
999 _c84760
_d84760